The green glass sea / (Record no. 2628)

MARC details
000 -LEADER
fixed length control field 01229cam a2200325 a 4500
005 - DATE AND TIME OF LATEST TRANSACTION
control field 20240105130448.0
020 ## - INTERNATIONAL STANDARD BOOK NUMBER
International Standard Book Number 0670061344 (hardcover)
020 ## - INTERNATIONAL STANDARD BOOK NUMBER
International Standard Book Number 9780142411490
040 ## - CATALOGING SOURCE
Original cataloging agency JLGCP
Transcribing agency JLGCP
Modifying agency JLGCP
-- BAKER
-- LEO
-- TEF
-- YDXCP
-- VP@
-- DLC
Language of cataloging eng
050 00 - LIBRARY OF CONGRESS CALL NUMBER
Classification number PZ7.K67675
Item number Gr 2006
082 04 - DEWEY DECIMAL CLASSIFICATION NUMBER
Classification number 813
Edition number 23
100 1# - MAIN ENTRY--PERSONAL NAME
Personal name Klages, Ellen
Dates associated with a name 1954-
245 14 - TITLE STATEMENT
Title The green glass sea /
Statement of responsibility, etc. Ellen Klages
260 ## - PUBLICATION, DISTRIBUTION, ETC.
Place of publication, distribution, etc. New York :
Name of publisher, distributor, etc. Penguin Group,
Date of publication, distribution, etc. 2006
300 ## - PHYSICAL DESCRIPTION
Extent 321 pages :
Dimensions 20 cm
500 ## - GENERAL NOTE
General note Sequel: White Sands, red menace.
505 ## - FORMATTED CONTENTS NOTE
Formatted contents note M
520 ## - SUMMARY, ETC.
Summary, etc. "In 1943, eleven-year-old Dewey Kerrigan travels west on a train to live with her scientist father--but no one will tell her exactly where he is. When she reaches Los Alamos, New Mexico, she learns why: he's working on a top secret government program"--
521 8# - TARGET AUDIENCE NOTE
Target audience note 790
Source Lexile
521 8# - TARGET AUDIENCE NOTE
Target audience note M
Source Raz-Plus
650 #1 - SUBJECT ADDED ENTRY--TOPICAL TERM
Topical term or geographic name entry element Atomic bomb
Form subdivision Fiction.
650 #1 - SUBJECT ADDED ENTRY--TOPICAL TERM
Topical term or geographic name entry element Fathers and daughters
Form subdivision Fiction.
650 #1 - SUBJECT ADDED ENTRY--TOPICAL TERM
Topical term or geographic name entry element Scientists
Form subdivision Fiction.
650 #1 - SUBJECT ADDED ENTRY--TOPICAL TERM
Topical term or geographic name entry element Friendship
Form subdivision Fiction.
650 #1 - SUBJECT ADDED ENTRY--TOPICAL TERM
Topical term or geographic name entry element People with disabilities
Form subdivision Fiction.
650 #1 - SUBJECT ADDED ENTRY--TOPICAL TERM
Topical term or geographic name entry element World War, 1939-1945
Geographic subdivision United States
Form subdivision Fiction.
906 ## - LOCAL DATA ELEMENT F, LDF (RLIN)
a 7
b cbc
c copycat
d 2
e ncip
f 20
g y-gencatlg
942 ## - ADDED ENTRY ELEMENTS (KOHA)
Source of classification or shelving scheme Dewey Decimal Classification
Koha item type Books
Suppress in OPAC No
999 ## -
-- 2628
-- 2628
Holdings
Withdrawn status Lost status Source of classification or shelving scheme Damaged status Not for loan Collection Home library Current library Shelving location Date acquired Total Checkouts Full call number Barcode Date due Date last seen Date last checked out Price effective from Koha item type
    Library of Congress Classification     Fiction Footprints International School Library Network Toul Tom Poung Campus Footprints International School Library Network Toul Tom Poung Campus TTP Secondary Fiction Bookshelves 01/05/2024 3 KLA 813 PZ7.K67675 FIS02660 03/31/2026 03/17/2026 03/17/2026 01/05/2024 Books